000 00693nam a22002657a 4500
003 UA-OsUOA
001 21356
007 ta
008 20031129b un ||||| |||| 00| 0 ukr d
100 _aХміль Ф.І.
700 _aХміль Л.М.
090 _a336.71(075)
_bХ65
942 _cBK
040 _aUA-OsUOA
_bukr
_cUA-OsUOA
_dUA-OsUOA
245 _aУправління персоналом комерційного банку
_bНавчальний посібник
300 _a245 с.
955 _a0
041 _aukr
080 _a336.71(075)
020 _a5-7763-1606-5
260 _aРівне
_bРДГУ
_c2001
044 _aUA
650 7 _2UDC
999 _c307551
_d307551